000 01495nam a2200253Ia 4500
003 Ost
005 20260507075151.0
008 260507s9999||||xx |||||||||||||| ||und||
020 _a37601199579
040 _cfsecg
041 _aara
082 _a330
100 _aالموسوي، منعم زمزير
_eمؤلف
245 0 _aبحوث العمليات :
_bمدخل علمي لاتخاذ القرارات /
_c منعم زمزير الموسوي
260 _aعمان:
_bدار وائل,
_c2008
300 _a516 صفحة؛
_bإيضاحات ؛
_c24 سم
504 _aمراجع ص.513
520 _aمفهوم القرار و الانظمة الداعمة للقرارات ، مصفوفة القرارات و شجرة القرارات ، البرمجة الخطية : الطريقة البيانية ، المفهوم و الشروط ، طريقة السمبلكس ، حالات خاصة في نموذج البرمجة الخطية و أسعار الظل ، نموذج النقل ، نموذج التخصيص ، شبكات الاعمال : طريقة المسار الحرج ، مصفوفات القرار ، شجرة القرار ، أسلوب مراجعة و تقييم البرامج : بيرت ، معايير اتخاذ القرارات ، نظرية المباريات .مع وجود تمالاين في نهاية كل فصل
653 _aإتخاذ القرار
653 _aالبحوث
653 _aالبرمجيات
653 _aالحاسوب
942 _cكتاب
999 _c43342
_d43342